Projektové řízení eventy profesionálně
Salvato in:
| Autore principale: | |
|---|---|
| Altri autori: | |
| Natura: | Libro |
| Lingua: | ceco |
| Pubblicazione: |
Brno
Janáčkova akademie múzických umění
2023
|
| Edizione: | 1. vydání |
| Soggetti: | |
| Tags: |
Nessun Tag, puoi essere il primo ad aggiungerne!!
|
MARC
| LEADER | 00000nam a2200000 4500 | ||
|---|---|---|---|
| 001 | 0311855 | ||
| 005 | 20251124125748.4 | ||
| 020 | |a 978-80-7460-223-8 | ||
| 041 | 0 | |a cze | |
| 044 | |a CZ | ||
| 245 | 1 | 0 | |a Projektové řízení |b eventy profesionálně |c Jan Verhaar a Iris Eshel |
| 250 | |a 1. vydání | ||
| 264 | 1 | |a Brno |b Janáčkova akademie múzických umění |c 2023 | |
| 300 | |a 289 s. | ||
| 610 | 2 | 0 | |a riadenie projektové |
| 610 | 2 | 0 | |a kultúra |
| 610 | 2 | 0 | |a priemysel kreatívny |
| 610 | 2 | 0 | |a priemysel kultúrny |
| 610 | 2 | 0 | |a konferencie |
| 610 | 2 | 0 | |a financovanie projektové |
| 610 | 2 | 0 | |a marketing |
| 610 | 2 | 0 | |a komunikácia marketingová |
| 100 | 1 | |a Verhaar, Jan | |
| 700 | 1 | |a Eshel, Iris | |